4 to 13 letters quiz # Z - Statistics

General Stats
  • This quiz has been taken 37 times
  • The average score is 4 of 10
Answer Stats
Hint Answer # of Letters % Correct
Former name of Democratic Republic of Congo Zaire 5
100%
Robert Mugabe ruled this country Zimbabwe 8
97%
European capital city Zagreb 6
94%
Hill in Jerusalem outside of Old City Zion 4
58%
Denmark's most populated island Zealand 7
39%
Germany's tallest mountain Zugspitze 9
12%
Famous Mesopotamian landmark in Iraq (three words) Ziggurat of Ur 12
3%
Capital and largest city in one of Mexico's states (two words) Zacatecas City 13
0%
Ukraine's sixth largest city Zaporizhia 10
0%
Polish city known for its wineries (two words) Zielona Góra 11
0%
No matching quizzes found
Score Distribution
Percent of People with Each Score
Percentile by Number Answered
Your Score History
You have not taken this quiz